El Siglo XIX frente al siglo XX en la sociología urbana: la teoría de Reissman
Salvato in:
| Natura: | testo |
|---|---|
| Soggetti: | |
| Tags: |
Aggiungi Tag
Nessun Tag, puoi essere il primo ad aggiungerne!!
|
MARC
| LEADER | 00000 a a2200000 04500 | ||
|---|---|---|---|
| 001 | 7773 | ||
| 003 | |||
| 040 | |||
| 245 | |a El Siglo XIX frente al siglo XX en la sociología urbana: |b la teoría de Reissman | ||
| 650 | |a TEORIA | ||
| 650 | |a SOCIEDAD | ||
| 650 | |a ZONAS URBANAS | ||
| 650 | |a INDUSTRIALIZACION | ||
| 650 | |a MIGRACION | ||
| 773 | |g número 49; páginas 49-61 | ||
| 999 | |c 22403 |d 22403 | ||
